Bilecik Bilecik Bilecik Bilecik Bilecik

Sofi'nin dünyası: felsefe tarihi üzerine bir roman/ (Record no. 74866)

MARC details
000 -BAŞLIK
Sabit Uzunluktaki Kontrol Alanı 00773nam a22002657a 4500
001 - KONTROL NUMARASI
Control Dosyası 0074112
003 - KONTROL NUMARASI KİMLİĞİ
Kontrol Alanı KOHA_MİRAKIL
005 - EN SON İŞLEM TARİHİ ve ZAMANI
Kontrol Alanı 20260207005208.0
007 - FİZİKSEL TANIM SABİT ALAN - GENEL BİLGİ
Sabit uzunluklu kontrol alanı ta
008 - SABİT UZUNLUKTAKİ VERİ ÖGELERİ - GENEL BİLGİ
Sabit Alan 250523b tu |||gr||||#||||1|tur |
020 ## - ISBN - ULUSLARARASI STANDART KİTAP NUMARASI
Isbn 9757652415
040 ## - KATALOGLAMA KAYNAĞI
Özgün Kataloglama Kurumu TR-BiSEU
Kataloglama Dili tur
Çeviri Kurumu TR-BiSEU
Açıklama Kuralları rda
041 0# - DİL KODU
Metin ya da ses kaydının dil kodu tur
044 ## - YAYINLAYAN/ÜRETEN KURULUŞUN ÜLKE KODU
ISO country code tu
050 ## - SINIFLAMA ve YER NUMARASI
Sınıflama Numarası PT8951.17.A17
Yer Numarası S64 1994
100 1# - KİŞİ ADI
Yazar Adı (Kişi adı) Gaarder, Jostein.
245 1# - ESER ADI BİLDİRİMİ
Başlık Sofi'nin dünyası: felsefe tarihi üzerine bir roman/
Sorumluluk Bildirimi Jostein Gaarder ; Jostein Gaarder; çeviren Gülay Kartal.
264 #1 - ÜRERİM, YAYIN, DAĞITIM ve TELİF BİLDİRİMİ
Yayın yeri İstanbul :
Yayınlayan Pan Yayıncılık
300 ## - FİZİKSEL TANIMLAMA
Sayfa, Cilt vb. 592 sayfa; 20 cm
336 ## - İÇERİK TÜRÜ
Content type term metin
Content type code txt
Source rdacontent
337 ## - MEDYA TÜRÜ
Media type term aracısız
Media type code n
Source rdamedia
338 ## - TAŞIYICI TÜRÜ
Carrier type term cilt
Carrier type code nc
Source rdacarrier
500 ## - GENEL NOT
Genel Not Kaynakça var.
942 ## - EK GİRİŞ ÖGELERİ (KOHA)
Source of classification or shelving scheme Library of Congress Classification
Koha item type Book
Holdings
Materyal Türü Kalıcı Konum Mevcut Konum Sınıflandırma Kaynağı Edinim Bilgisi Ana Konular Alt Konular Yer Numarası Demirbaş Numarası Fatura Tarihi Geri Çekilme Durumu Kayıp Durumu Hasarlı Durumu Kredi için değil Kayıt Tarih Toplam Ödünçverme Son Görülme Tarihi Son Kontrol Tarihi
Book BŞEÜ Osmaneli MYO Kütüphanesi BŞEÜ Osmaneli MYO Kütüphanesi Library of Congress Classification Bağış DİL VE EDEBİYAT Alman - Hollanda - İskandinav Edebiyatları vb. PT8951.17.A17 S64 1994 0074112 02/02/2026         23/05/2025   22/08/2025 22/08/2025